Droit des affaires. Tome 2, entreprises en difficultés : redressement judiciaire, faillite (Record no. 38483)
[ view plain ]
| 000 -LEADER | |
|---|---|
| fixed length control field | 00794 a2200325 4500 |
| 037 ## - SOURCE OF ACQUISITION | |
| Source of stock number/acquisition | 2, CIUF |
| 037 ## - SOURCE OF ACQUISITION | |
| Source of stock number/acquisition | 3, Achat |
| 037 ## - SOURCE OF ACQUISITION | |
| Stock number | DE 8026 |
| 037 ## - SOURCE OF ACQUISITION | |
| Stock number | DE 8027 |
| 037 ## - SOURCE OF ACQUISITION | |
| Stock number | DE 8366 |
| 037 ## - SOURCE OF ACQUISITION | |
| Stock number | DE 8028 |
| 037 ## - SOURCE OF ACQUISITION | |
| Stock number | DE 8391 |
| 020 ## - NUMERO INTERNATIONAL NORMALISE DES LIVRES | |
| International Standard Book Number | 2-7178-2863-X |
| 100 ## - VEDETTE PRINCIPALE - NOM DE PERSONNE | |
| Personal name | Guyon, Yves |
| 100 ## - VEDETTE PRINCIPALE - NOM DE PERSONNE | |
| Language of a work | Fr |
| 260 ## - PUBLICATION, DISTRIBUTION, ETC. (IMPRINT) | |
| Place of publication, distribution, etc | Paris |
| 260 ## - PUBLICATION, DISTRIBUTION, ETC. (IMPRINT) | |
| Name of publisher, distributor, etc | Economica |
| 245 ## - TITLE STATEMENT | |
| Title | Droit des affaires. Tome 2, entreprises en difficultés : redressement judiciaire, faillite |
| 260 ## - PUBLICATION, DISTRIBUTION, ETC. (IMPRINT) | |
| Date of publication, distribution, etc | 1995 |
| 250 ## - EDITION STATEMENT | |
| Edition statement | 5è éd. |
| 300 ## - PHYSICAL DESCRIPTION | |
| Extent | 492 p. |
| 300 ## - PHYSICAL DESCRIPTION | |
| Other physical details | 25 cm |
| 440 ## - SERIES STATEMENT/ADDED ENTRY--TITLE | |
| Title | Droit des affaires et de l'entreprise |
| 630 ## - SUBJECT ADDED ENTRY--UNIFORM TITLE | |
| Uniform title | 33 - Economie. Economie politique |
| 650 ## - SUBJECT ADDED ENTRY--TOPICAL TERM | |
| Topical term or geographic name as entry element | 3 - SCIENCES SOCIALES |
| 650 ## - SUBJECT ADDED ENTRY--TOPICAL TERM | |
| Topical term or geographic name as entry element | Affaires : droit |
| 650 ## - SUBJECT ADDED ENTRY--TOPICAL TERM | |
| Topical term or geographic name as entry element | Droit des affaires |
| Withdrawn status | Lost status | Damaged status | Not for loan | Location (home branch) | Sublocation or collection (holding branch) | Date acquired | Koha issues (times borrowed) | Koha full call number | Koha date last seen | Price effective from | Koha item type |
|---|---|---|---|---|---|---|---|---|---|---|---|
| Bibliothèque Universitaire Centrale | Bibliothèque Universitaire Centrale | 28/02/2009 | 332 GUY | 28/02/2009 | 28/02/2009 | Libre Accès |